000
00210 a2200109 4500
020
_a
9780736873420
041
_a
spa
100
_a
Lisa Trumbauer
245
_a
Animales Gigantescos
942
_c
BK
952
_7
1
999
_c
24966
_d
24966